Jody Watley Discography - Statistics

General Stats
  • This quiz has been taken 2 times
  • The average score is 9 of 15
Answer Stats
Type Year Name % Correct
Album 1991 Affairs of the Heart
100%
Album 1995 Affection
100%
Album 1998 Flower
100%
Album 1993 Intimacy
100%
Album 1987 Jody Watley
100%
Album 1989 Larger Than Life
100%
Album 2001 Midnight Lounge
100%
EP 2014 Paradise
50%
Live Album 2007 Super Hits Live
50%
Album 2006 The Makeover
50%
Remix Album 1989 You Wanna Dance with Me?
50%
Compilation 2000 20th Century Masters - The Millennium Collection: The Best of Jody Watley
0%
Compilation 1996 Greatest Hits
0%
Remix Album 1994 Remixes of Love
0%
Album 1999 The Saturday Night Experience
0%
No matching quizzes found
Score Distribution
Percent of People with Each Score
Percentile by Number Answered
Your Score History
You have not taken this quiz